[Event "Titled Tuesday intern op 6th Aug"]
[Site "Chess.com INT"]
[Date "2019.08.06"]
[Round "10"]
[White "Gracia, Gerardo Antonio"]
[Black "Fazulyanov, Sergey"]
[Result "0-1"]
[WhiteElo "2380"]
[BlackElo "2350"]
[PlyCount "66"]
[EventDate "2019.08.06"]
[EventType "swiss (blitz)"]
[EventRounds "10"]
[EventCountry "USA"]
[SourceTitle "EXT 2021"]
[Source "ChessBase"]
[SourceDate "2020.10.23"]
[SourceVersion "1"]
[SourceVersionDate "2020.10.23"]
[SourceQuality "1"]

1. d4 d5 2. c4 e6 3. Nc3 c6 4. e4 dxe4 5. Nxe4 Bb4+ 6. Bd2 Qxd4 7. Bxb4 Qxe4+ 8. Ne2 Nd7 9. Qd6 Qe5 10. Qd2 Ngf6 11. 0-0-0 c5 12. Bc3 Qc7 13. Ng3 0-0 14. h4 Ne5 15. h5 h6 16. Be2 b5 17. cxb5 Nd5 18. Rh4 Bb7 19. f4 Nd7 20. Rg4 N7f6 21. Rh4 Nxc3 22. Qxc3 Rad8 23. Bd3 c4 24. Bc2 Rxd1+ 25. Bxd1 Bxg2 26. Ne2 Ne4 27. Qe3 Rd8 28. Bc2 Rd3 29. Qg1 Bf3 30. Nd4 Qc5 31. Nxf3 Rxf3 32. Qd1 Qe3+ 33. Kb1 Rf1 0-1

[Event "Bansko op"]
[Site "Bansko"]
[Date "2010.12.17"]
[Round "7"]
[White "Fazulyanov, Sergey"]
[Black "Sotirov, Nikolaj"]
[Result "1-0"]
[WhiteElo "2365"]
[BlackElo "2109"]
[PlyCount "51"]
[EventDate "2010.12.13"]
[EventType "swiss"]
[EventRounds "9"]
[EventCountry "BUL"]
[SourceTitle "CBM 139 Extra"]
[Source "ChessBase"]
[SourceDate "2011.01.05"]
[SourceVersion "1"]
[SourceVersionDate "2011.01.05"]
[SourceQuality "1"]

1. e4 c5 2. Nf3 Nc6 3. d4 cxd4 4. Nxd4 g6 5. c4 Bg7 6. Be3 Nf6 7. Nc3 Ng4 8. Qxg4 Nxd4 9. Qd1 Ne6 10. Rc1 Qa5 11. a3 d6 12. Be2 g5 13. 0-0 Qe5 14. g3 Nd4 15. Bh5 Bh3 16. f4 gxf4 17. gxf4 Qf6 18. Nd5 Ne2+ 19. Qxe2 Qxb2 20. Qxb2 Bxb2 21. Nc7+ Kd7 22. Nxa8 Rxa8 23. Rb1 Rg8+ 24. Kf2 Rg2+ 25. Kf3 Rxh2 26. Rf2 1-0

[Event "Bansko op"]
[Site "Bansko"]
[Date "2010.12.16"]
[Round "5"]
[White "Fazulyanov, Sergey"]
[Black "Gochev, Mladen"]
[Result "1/2-1/2"]
[WhiteElo "2365"]
[BlackElo "2261"]
[PlyCount "41"]
[EventDate "2010.12.13"]
[EventType "swiss"]
[EventRounds "9"]
[EventCountry "BUL"]
[SourceTitle "CBM 139 Extra"]
[Source "ChessBase"]
[SourceDate "2011.01.05"]
[SourceVersion "1"]
[SourceVersionDate "2011.01.05"]
[SourceQuality "1"]

1. e4 c5 2. Nf3 g6 3. d4 cxd4 4. Nxd4 Nc6 5. c4 Nf6 6. Nc3 Nxd4 7. Qxd4 d6 8. Be3 Bg7 9. f3 0-0 10. Qd2 a5 11. Na4 Be6 12. Be2 Nd7 13. Rc1 Qc7 14. 0-0 Nc5 15. Nc3 a4 16. Rc2 Rfc8 17. Rb1 f5 18. Nd5 Qd8 19. Bg5 Bxd5 20. exd5 Qf8 21. Bf1 1/2-1/2